000 00934nam a2200265 a 4500
001 000021943
003 DO-SdBNP
005 20250307085621.0
008 100915s1998 dr ac 000 0 spa d
040 _aDO-SdBNP
_bspa
_cBNPHU
082 _a972.93053
_bB171p, 1998
100 1 _a Balaguer, Joaquín,
_d1906-2002
_976556
245 1 3 _aLa palabra encadenada /
_cJoaquín Balaguer.
250 _a3a. ed. ampliada
260 _aSanto Domingo :
_bCorripio,
_c1998.
300 _a420 p. :
_bil., retr. ;
_c25 cm.
490 1 _aDiscursos
_v4
500 _aIncluye referencias bibliográficas y notas al pie de las páginas.
500 _aLa biblioteca posee el tomo iv.
600 1 0 _a Balaguer, Joaquín,
_d1906-2002
_xEnsayos, conferencias, etc.
_976556
651 1 4 _aRepública Dominicana
_xPolítica y gobierno
_y1930-1961
_9479
830 0 _aDiscursos;
_v4
_912120
910 _aValidado. Control de calidad MFF
942 _2ddc
_cLBS1
999 _c21441
_d21441